Teoría y cálculo de los números aproximados para uso de los candidatos a escuelas especiales / (Record no. 162176)

MARC details
000 -LEADER
campo de control de longitud fija 00778nam a2200193 i 4500
001 - NÚMERO DE CONTROL
campo de control 162176
003 - IDENTIFICADOR DE NÚMERO DE CONTROL
campo de control ES-MaACL
005 - FECHA Y HORA DE LA ÚLTIMA TRANSACCIÓN
campo de control 20250903005841.0
008 - DATOS DE LONGITUD FIJA--INFORMACIÓN GENERAL
campo de control de longitud fija 020730s1896 sp |||| | spa d
040 ## - FUENTE DE CATALOGACIÓN
Centro catalogador/agencia de origen CCPB | B
Lengua de catalogación spa
Centro/agencia transcriptor CCPB | B
100 1# - ENTRADA PRINCIPAL--NOMBRE DE PERSONA
Nombre de persona Piñera, Rafael de la.
9 (RLIN) 131197
245 10 - MENCIÓN DEL TÍTULO
Título Teoría y cálculo de los números aproximados para uso de los candidatos a escuelas especiales /
Mención de responsabilidad, etc. por Rafael de la Piñera.
250 ## - MENCION DE EDICION
Mención de edición 2ª ed.
260 ## - PUBLICACIÓN, DISTRIBUCIÓN, ETC.
Lugar de publicación, distribución, etc. Madrid :
Nombre del editor, distribuidor, etc. [s.n.],
Fecha de publicación, distribución, etc. 1896 (
Fabricante Asilo de Huérfanos del Sagrado Corazón de Jesús)
300 ## - DESCRIPCIÓN FÍSICA
Extensión 76 p. ;
Dimensiones 22 cm.
650 #7 - PUNTO DE ACCESO ADICIONAL DE MATERIA--TÉRMINO DE MATERIA
Término de materia o nombre geográfico como elemento de entrada Cálculo
Fuente del encabezamiento o término embne
9 (RLIN) 10668
852 ## - LOCALIZACIÓN
Ubicación ES-MaACL
Número de control de estantería T-1025-F-3
Nota libre -- Enc. hol. conservando la cub. original
-- -- Ex-libris de Antonio Gascon
-- -- Enc. en un vol. facticio
Holdings
Estatus retirado Estado de pérdida Estado de daño No para préstamo Colección Biblioteca de origen Biblioteca actual Ubicación en estantería Fecha de adquisición Total de préstamos Signatura topográfica completa Código de barras Visto por última vez Precio de reemplazo Tipo de ítem Koha
        Colección de folletos Biblioteca del Ateneo de Madrid Biblioteca del Ateneo de Madrid Depósito folletos 17/01/2008   T-1025-F-3 1169898 23/02/2023 23/02/2023 Folleto